[Event "OS INCLIVEIS"]
[Site "http://www.queenalice.com/game.php?id=1370664"]
[Date "2015.7.9"]
[Round "-"]
[White "adelio"]
[Black "shicoshow"]
[Result "0-1"]
[WhiteElo "1614"]
[BlackElo "1827"]

1. d4 c5 2. e3 e6 3. Be2 Nf6 4. h4 b6 5. h5 Bb7 6. Nc3 Bxg2 7. Rh2 Bb7 8. e4
Nxe4 9. Nf3 Nxc3 10. bxc3 cxd4 11. Ne5 dxc3 12. Nxf7 Kxf7 13. Qd4 Qf6 14. Qxf6+
gxf6 15. h6 Rg8 16. Bh5+ Ke7 17. Ba3+ d6 18. O-O-O Bxh6+ 19. Kb1 Bd2 20. Be2 Be4
21. f3 Bg6 22. Rh4 Nc6 23. Bb5 Rac8 24. Rc4 Ne5 25. Rd4 Rgd8 26. Bc1 Nxf3 27.
R4xd2 cxd2 28. Rxd2 Nxd2+ 29. Bxd2 Rxc2 30. Bc1 Rc5+ 31. Ka1 Rxb5 32. Bb2 Rc8
33. a4 Ra5 34. Ka2 Rxa4+ 35. Ba3 Rc2+ 36. Kb3 Rac4 37. Bb2 a5 38. Ba1 b5 39. Bb2
Rf4 40. Ka3 Rf3+ 41. Ka2 b4 42. Ka1 b3 43. Kb1 Rcc3+ 44. Ka1 Rc2 45. Kb1 Rf1+
46. Bc1 Rfxc1# 0-1

[Event "OS INCLIVEIS"]
[Site "http://www.queenalice.com/game.php?id=1370665"]
[Date "2015.7.9"]
[Round "-"]
[White "shicoshow"]
[Black "adelio"]
[Result "1-0"]
[WhiteElo "1842"]
[BlackElo "1651"]

1. Nf3 c5 2. g3 d5 3. Bg2 Nc6 4. O-O e5 5. d3 Be7 6. e4 Nd4 7. Nxe5 dxe4 8. Bxe4
h5 9. c3 Bg4 10. Nxg4 hxg4 11. cxd4 Qd7 12. dxc5 Bxc5 13. Nc3 Ne7 14. Qa4 b5 15.
Qxb5 Rc8 16. Re1 Rc7 17. Qxd7+ Kxd7 18. Bf4 Rcc8 19. Bb7 Rcg8 20. Be3 Bd6 21.
Bxa7 Nf5 22. Re4 Nxg3 23. fxg3 Rh6 24. Rxg4 f5 25. Rh4 Rg6 26. Bf2 f4 27. Kg2
Rf8 28. Be4 f3+ 29. Bxf3 Rgf6 30. Bg4+ Ke8 31. Ne4 Rg6 32. Bh5 Rxf2+ 33. Kxf2
Kf7 34. Bxg6+ Kxg6 35. Nxd6 Kf6 36. Re1 g6 37. Ne8+ Kf7 38. Rh7+ Kg8 39. Ree7 g5
40. Nf6+ Kf8 41. Rhf7# 1-0

[Event "AUTO-ADV-3461"]
[Site "http://www.queenalice.com/game.php?id=1373840"]
[Date "2015.7.28"]
[Round "1"]
[White "fenomeno"]
[Black "shicoshow"]
[Result "0-1"]
[WhiteElo "1689"]
[BlackElo "1953"]

1. d4 c5 2. Nf3 e6 3. c3 Nf6 4. Bg5 cxd4 5. cxd4 Qa5+ 6. Nbd2 Ne4 7. Be3 Bb4 8.
a3 Nxd2 9. Bxd2 Bxd2+ 10. Nxd2 O-O 11. b4 Qg5 12. Nf3 Qg6 13. g3 d5 14. Bg2 a6
15. O-O b5 16. Ne5 Qf6 17. Rc1 Nd7 18. Nxd7 Bxd7 19. e3 Rfc8 20. Qd3 Qd8 21. e4
Bc6 22. e5 Bd7 23. Bf3 Rxc1 24. Rxc1 Rc8 25. Rc5 Rxc5 0-1

[Event "AUTO-ADV-3461"]
[Site "http://www.queenalice.com/game.php?id=1373841"]
[Date "2015.7.28"]
[Round "1"]
[White "shicoshow"]
[Black "fenomeno"]
[Result "1-0"]
[WhiteElo "1939"]
[BlackElo "1689"]

1. Nf3 d5 2. g3 Nf6 3. Bg2 e6 4. O-O c5 5. d3 Nc6 6. Nbd2 Be7 7. e4 e5 8. exd5
Nxd5 9. Re1 O-O 10. Nxe5 Ncb4 11. a3 Na6 12. Ndc4 b5 13. Ne3 Nac7 14. Nxd5 Nxd5
15. c4 bxc4 16. Nc6 Qd7 17. Nxe7+ Nxe7 18. Bxa8 Nc6 19. dxc4 Nd4 20. Be3 Bb7 21.
Bxb7 Qxb7 22. Bxd4 cxd4 23. Qxd4 h6 24. b4 Qf3 25. Re3 1-0

[Event "AUTO-ADV-3461"]
[Site "http://www.queenalice.com/game.php?id=1373854"]
[Date "2015.7.28"]
[Round "1"]
[White "SalsaKing"]
[Black "shicoshow"]
[Result "1-0"]
[WhiteElo "1581"]
[BlackElo "1964"]

1. e4 Nf6 2. Nc3 d5 3. e5 Nfd7 4. d4 e6 5. a3 c5 6. Nf3 Nc6 7. Bb5 a6 8. Bxc6
bxc6 9. Bf4 cxd4 10. Qxd4 Be7 11. Qd2 a5 12. h3 Ba6 13. Nd4 1-0

[Event "AUTO-ADV-3461"]
[Site "http://www.queenalice.com/game.php?id=1373855"]
[Date "2015.7.28"]
[Round "1"]
[White "shicoshow"]
[Black "SalsaKing"]
[Result "0-1"]
[WhiteElo "1904"]
[BlackElo "1671"]

1. Nf3 d6 2. g3 e5 3. d3 h6 4. Bg2 Be7 5. O-O Nc6 6. Nbd2 Nf6 7. e4 Be6 8. a4 g5
9. c3 g4 10. Ne1 Qd7 11. Nc2 h5 12. Ne3 h4 13. Nd5 Bxd5 14. exd5 Nxd5 15. Bxd5
Bf6 16. f3 hxg3 17. hxg3 O-O-O 0-1

[Event "AUTO-ADV-3461"]
[Site "http://www.queenalice.com/game.php?id=1373862"]
[Date "2015.7.28"]
[Round "1"]
[White "luiz_gustavo"]
[Black "shicoshow"]
[Result "0-1"]
[WhiteElo "1904"]
[BlackElo "1850"]

1. e4 d6 2. d4 Nf6 3. Nc3 g6 4. Nf3 Bg7 5. Be2 O-O 6. O-O c6 7. h3 e5 8. dxe5
dxe5 9. Nxe5 Qxd1 10. Bxd1 Nxe4 11. Nxe4 Bxe5 12. Re1 Be6 13. Nc5 Bg7 14. Nxb7
Nd7 15. Bf3 Bd5 16. Bxd5 cxd5 17. Re7 Nb6 18. Rb1 Na4 19. Nd6 Rab8 20. Nb7 Rfe8
21. Rxe8+ Rxe8 22. Nd6 Re1+ 23. Kh2 Be5+ 0-1

[Event "AUTO-ADV-3461"]
[Site "http://www.queenalice.com/game.php?id=1373863"]
[Date "2015.7.28"]
[Round "1"]
[White "shicoshow"]
[Black "luiz_gustavo"]
[Result "1-0"]
[WhiteElo "1901"]
[BlackElo "1885"]

1. Nf3 Nf6 2. g3 Nc6 3. Bg2 d5 4. O-O e5 5. d3 Bg4 6. Bg5 h6 7. Bxf6 Qxf6 8. c3
O-O-O 9. Nbd2 e4 10. Ne1 exd3 11. Nxd3 Re8 12. Nf3 d4 13. c4 g5 14. Re1 h5 15.
h3 Bxf3 16. exf3 Bd6 17. Rxe8+ Rxe8 18. Qd2 Qe6 19. Re1 Qd7 20. Rxe8+ Qxe8 21.
Qxg5 Qe2 22. Qf5+ Qe6 23. Qxh5 b6 24. b3 Qe2 25. Qf5+ Kb7 26. f4 Qxa2 27. Qe4
Ka6 28. Qxc6 Qb1+ 29. Kh2 Qxd3 30. Qb5# 1-0

[Event "PSJB"]
[Site "http://www.queenalice.com/game.php?id=1387366"]
[Date "2015.10.4"]
[Round "-"]
[White "Lindon"]
[Black "shicoshow"]
[Result "0-1"]
[WhiteElo "1402"]
[BlackElo "1859"]

1. e4 Nf6 2. Nc3 d5 3. exd5 Nxd5 4. Nf3 Nxc3 5. bxc3 Nc6 6. Bb5 Bd7 7. O-O g6 8.
d4 Bg7 9. Rb1 O-O 10. Bg5 h6 11. Bh4 Rb8 12. Ne5 Nxe5 13. dxe5 Bxb5 14. Rxb5
Qxd1 15. Rxd1 Rfd8 16. Re1 c6 17. Rbb1 g5 18. Bg3 e6 19. f3 Rd2 20. Rbd1 Rxc2
21. f4 Rxc3 22. Rd2 b5 23. Red1 b4 24. Bf2 a5 25. h3 b3 26. axb3 Rcxb3 27. fxg5
hxg5 28. Rd8+ Rxd8 29. Rxd8+ Kh7 30. Rd7 Bxe5 31. Rxf7+ Kg6 32. Rd7 Rb1+ 33. Be1
Rxe1+ 34. Kf2 Ra1 35. g4 c5 36. Re7 Kf6 0-1

[Event "Challenge"]
[Site "http://www.queenalice.com/game.php?id=1397450"]
[Date "2015.12.5"]
[Round "-"]
[White "shicoshow"]
[Black "Equiferus"]
[Result "1/2-1/2"]
[WhiteElo "1859"]
[BlackElo "1812"]

1. Nf3 Nf6 2. g3 g6 3. Bg2 Bg7 4. O-O O-O 5. d3 d6 6. e4 e5 7. Nbd2 b5 8. a4
bxa4 9. Rxa4 Bd7 10. Ra2 Be6 11. b3 Na6 12. Rxa6 Bc8 13. Ra2 Bg4 14. h3 Bd7 15.
Nc4 h6 16. Bd2 Qc8 17. Kh2 Nh5 18. Qc1 Kh7 19. Be3 f5 20. exf5 gxf5 21. Nh4 Rb8
22. Nxf5 Bxf5 23. g4 Bxg4 24. hxg4 Qxg4 25. Rh1 Rxf2 26. Bxf2 Nf4 27. Be4+ Kh8
28. Qd1 Ne2 29. Rxa7 Rf8 30. Ra8 Qh5+ 31. Kg2 Nf4+ 32. Kg3 Ne2+ 33. Kg2 Nf4+ 34.
Kg3 Ne2+ 35. Kg2 1/2-1/2

[Event "Challenge"]
[Site "http://www.queenalice.com/game.php?id=1430565"]
[Date "2016.7.6"]
[Round "-"]
[White "tana"]
[Black "shicoshow"]
[Result "1-0"]
[WhiteElo "1849"]
[BlackElo "1910"]

1. d4 c5 2. c3 e6 3. Nf3 d5 4. Bf4 Nf6 5. e3 Nc6 6. Bb5 Nh5 7. Be5 f6 8. Bg3
Nxg3 9. fxg3 a6 10. Ba4 b5 11. Bc2 g6 12. O-O cxd4 13. Nxd4 Nxd4 14. Qxd4 Bg7
15. Qc5 Bf8 16. Qd4 Bg7 17. Nd2 O-O 18. Nb3 f5 19. Qd2 Qb6 20. Nd4 e5 21. Nf3
Bb7 22. Bb3 Rad8 23. Qf2 Rd7 24. Ng5 h6 25. Nf3 Kh7 26. Rad1 d4 27. cxd4 Bxf3
28. gxf3 exd4 29. exd4 Bxd4 30. Rxd4 Qxd4 31. Qxd4 Rxd4 32. Re1 Rfd8 33. Re7+
Kh8 34. Re6 R8d6 35. Re8+ Kg7 36. Re7+ Kf6 37. Rf7+ Kg5 38. h4+ Kh5 39. Kg2 Rd2+
40. Kh3 R6d3 41. Rxf5+ 1-0

[Event "Challenge"]
[Site "http://www.queenalice.com/game.php?id=1430652"]
[Date "2016.7.6"]
[Round "-"]
[White "Cautor"]
[Black "shicoshow"]
[Result "0-1"]
[WhiteElo "1798"]
[BlackElo "1895"]

1. e4 d6 2. d4 Nf6 3. Nc3 g6 4. e5 dxe5 5. dxe5 Qxd1+ 6. Nxd1 Ng4 7. f4 Nc6 8.
h3 Nh6 9. g4 e6 10. Nc3 Be7 11. Nf3 O-O 12. f5 Nxg4 13. hxg4 exf5 14. Nd5 fxg4
15. Bg5 Bxg5 16. Nxg5 h5 17. Nxc7 Rb8 18. O-O-O Nxe5 19. Rd5 Nf3 20. Bc4 Nxg5
21. Rxg5 Bf5 22. Rhxh5 Kg7 23. Rh2 Kf6 24. Rxf5+ gxf5 25. Nd5+ Kg5 26. b4 g3 27.
Rh3 f4 28. Bf1 Rh8 29. b5 Rxh3 30. Bxh3 f3 31. Ne3 Rh8 32. Bg4 g2 33. Bxf3 g1=Q+
34. Kd2 Rd8+ 35. Ke2 Re8 36. Bxb7 Rxe3+ 37. Kd2 Qf2+ 0-1

[Event "OS INCLIVEIS"]
[Site "http://www.queenalice.com/game.php?id=1434109"]
[Date "2016.8.1"]
[Round "-"]
[White "adelio"]
[Black "shicoshow"]
[Result "0-1"]
[WhiteElo "1588"]
[BlackElo "1888"]

1. d4 c5 2. d5 e5 3. c4 Nf6 4. Nc3 d6 5. e4 Be7 6. Be2 O-O 7. h4 Ne8 8. h5 f5 9.
g3 fxe4 10. Nxe4 Bf5 11. Bf3 Bxe4 12. Bxe4 Bg5 13. Qg4 Bxc1 14. Qe6+ Kh8 15.
Rxc1 Nf6 16. Nf3 Nxe4 17. Nh4 Rf6 18. Ng6+ Rxg6 19. hxg6 h6 20. Ke2 Nd7 21. Rh4
Nf8 22. Qf5 Nf6 23. Rch1 Ng8 24. g4 Qf6 25. Qxf6 gxf6 26. Rxh6+ Nxh6 27. Rxh6+
Kg7 28. Rh5 Nxg6 29. g5 Nf4+ 30. Ke3 Nxh5 31. gxf6+ Kxf6 32. Kf3 Kf5 33. Kg2 Ke4
34. Kh3 Rg8 35. b3 Kf3 36. Kh4 Nf4 37. a3 Rg4# 0-1

[Event "Challenge"]
[Site "http://www.queenalice.com/game.php?id=1436794"]
[Date "2016.8.18"]
[Round "-"]
[White "AlekinePb"]
[Black "shicoshow"]
[Result "0-1"]
[WhiteElo "1994"]
[BlackElo "1915"]

1. d4 c5 2. d5 e5 3. c4 Nf6 4. Nc3 d6 5. e4 Be7 6. Bg5 O-O 7. h3 Ne8 8. Bxe7
Qxe7 9. Nf3 f5 10. Bd3 g6 11. O-O Ng7 12. a3 a6 13. b4 b6 14. bxc5 bxc5 15. Rb1
fxe4 16. Nxe4 Nd7 17. Qa4 Nf6 18. Qc6 Nxe4 19. Qxa8 Bxh3 20. Qc6 Bxg2 21. Kxg2
Rxf3 22. Kxf3 Qf6+ 23. Ke2 Nc3+ 24. Kd2 Nxb1+ 25. Rxb1 Qxf2+ 26. Kd1 Qg1+ 27.
Kc2 Qf2+ 28. Kb3 Nf5 29. Bxf5 Qxf5 30. Qe8+ Kg7 31. Qe7+ Kg8 32. Rc1 Qf4 33. Rc3
Qg4 34. Qe6+ Qxe6 35. dxe6 Kf8 36. Rf3+ Ke7 37. Rf7+ Kxe6 38. Rxh7 e4 39. Kc3
Ke5 40. Ra7 g5 41. Rxa6 g4 42. Rb6 g3 43. Rb2 Kf4 44. a4 Kf3 45. a5 g2 46. Rxg2
Kxg2 47. Kd2 Kf2 48. a6 e3+ 49. Kd3 e2 50. a7 e1=Q 51. a8=Q Qd1+ 52. Kc3 Qf3+
53. Qxf3+ Kxf3 54. Kd3 Kf4 55. Kd2 Ke4 56. Kc3 Ke3 57. Kc2 Kd4 58. Kd2 Kxc4 59.
Kc2 d5 60. Kd2 Kb3 61. Kd3 d4 62. Ke4 Kc3 63. Kf5 d3 64. Ke6 d2 65. Kd6 d1=Q+
66. Kxc5 Qd7 67. Kb6 Kb4 68. Ka6 Kc5 0-1

[Event "Challenge"]
[Site "http://www.queenalice.com/game.php?id=1436795"]
[Date "2016.8.18"]
[Round "-"]
[White "shicoshow"]
[Black "AlekinePb"]
[Result "1-0"]
[WhiteElo "1893"]
[BlackElo "1994"]

1. Nf3 Nf6 2. g3 d5 3. Bg2 c5 4. O-O e6 5. d3 Nc6 6. Nbd2 Bd6 7. e4 dxe4 8. Nxe4
O-O 9. Bg5 Be7 10. c3 Nxe4 11. Bxe7 Nxc3 12. Bxd8 Nxd1 13. Bf6 Nxf2 14. Bxg7
Kxg7 15. Rxf2 Bd7 16. Rd1 Nb4 17. Ne5 Bc8 18. a3 Nd5 19. Rdf1 Ne3 20. Rxf7+ Rxf7
21. Rxf7+ Kg8 22. Bxb7 Bxb7 23. Rxb7 Nd5 24. Nd7 a5 25. Nxc5 e5 26. Nd7 Ne7 27.
Nxe5 Ng6 28. Nxg6 hxg6 29. h4 Rd8 30. Kg2 Rxd3 31. Kh3 Rd5 32. a4 Kf8 33. Rb5
Rd2 34. Rxa5 Rxb2 35. Kg4 Kg7 36. Kg5 Rb6 37. Ra7+ Kf8 38. Kh6 Rc6 39. a5 Rc4
40. Ra6 Rc7 41. Rxg6 Rc5 42. a6 Ra5 43. Rb6 Ra4 44. h5 Rg4 45. Rg6 Ra4 46. g4
Ra5 47. g5 Ra4 48. Rb6 Kg8 49. g6 Kf8 50. g7+ Kf7 51. Kh7 Rg4 52. Rb7+ Kf6 53.
h6 Ke5 54. Kh8 Rg6 55. h7 Rxg7 56. Kxg7 Kd6 57. h8=Q Ke6 58. Qh5 Kd6 59. Rb6+
Kc7 60. Qb5 Kc8 61. Rb7 1-0

[Event "Challenge"]
[Site "http://www.queenalice.com/game.php?id=1455456"]
[Date "2016.12.18"]
[Round "-"]
[White "shicoshow"]
[Black "AlekinePb"]
[Result "1/2-1/2"]
[WhiteElo "1918"]
[BlackElo "2064"]

1. Nf3 Nf6 2. g3 g6 3. Bg2 Bg7 4. O-O O-O 5. d3 d5 6. Nbd2 c5 7. e4 e6 8. c3
dxe4 9. Nxe4 Nxe4 10. dxe4 Qb6 11. Qb3 Qc6 12. Be3 b6 13. e5 Bb7 14. Nh4 Qc7 15.
f4 Bxg2 16. Nxg2 Nc6 17. Rad1 Rfd8 18. Rxd8+ Rxd8 19. Rd1 Na5 20. Qc2 Nc4 21.
Bc1 Rd5 22. Ne3 Nxe3 23. Bxe3 Qd8 24. Rd2 c4 25. b3 Qc7 26. bxc4 Qxc4 27. Rd4
Rxd4 28. Bxd4 Bf8 29. Qb3 Qe2 30. a4 Qe1+ 31. Kg2 Qe4+ 32. Kg1 Qc6 33. Qb5 Qc7
34. Qb3 Bc5 35. Bxc5 Qxc5+ 36. Kg2 Kg7 37. Qb4 Qe3 38. Qd4 Qe2+ 39. Kg1 Qe1+ 40.
Kg2 Qe2+ 41. Kg1 h5 42. Qd8 Qe1+ 43. Kg2 Qxc3 44. Qf6+ Kf8 45. Qd8+ Kg7 46. Qf6+
1/2-1/2